Tous les joueurs de l'AS Roma depuis 2010 - Statistiques

Statistiques générales
  • Ce quiz a été pris 14 fois
  • Le résultat moyen est 45 sur 197
Statistiques - réponses
Poste(s) Nationalité Saison(s) Réponse % Correct
Attaquant Italie 1993-2017 Francesco Totti
93%
Milieu Italie 2017- Lorenzo Pellegrini
86%
Défenseur Italie 2018-2019 Luca Pellegrini
86%
Attaquant Argentine 2022- Paulo Dybala
86%
Gardien Brésil 2016-2018 Alisson
71%
Milieu Italie 2001-2019 Daniele De Rossi
71%
Défenseur Italie 2019- Gianluca Mancini
71%
Milieu Bosnie 2011-2016 Miralem Pjanić
71%
Attaquant Egypte 2015-2017 Mohamed Salah
71%
Attaquant Belgique 2023- Romelu Lukaku
71%
Attaquant Côte d'Ivoire 2013-2016 Gervinho
64%
Attaquant Italie 2016-20192021- Stephan El Shaarawy
64%
Défenseur Italie 2011-2022 Alessandro Florenzi
57%
Défenseur Angleterre 2019- Chris Smalling
57%
Attaquant Bosnie 2015-2021 Edin Džeko
57%
Défenseur Grèce 2014-2019 Kóstas Manolás
57%
Milieu/défenseur Italie 2019- Leonardo Spinazzola
57%
Gardien Portugal 2021- Rui Patrício
57%
Milieu Algérie 2023- Houssem Aouar
50%
Milieu France 2019-2022 Jordan Veretout
50%
Milieu Argentine 2014-20172023- Leandro Paredes
50%
Attaquant République Tchèque 2017-2020 Patrik Schick
50%
Défenseur France 2004-2011 Philippe Mexès
50%
Attaquant Angleterre 2021- Tammy Abraham
50%
Attaquant Italie 2022- Andrea Belotti
43%
Défenseur Allemagne 2015-2017 Antonio Rüdiger
43%
Milieu Italie 2018- Bryan Cristante
43%
Milieu Pays-Bas 2022-2023 Georginio Wijnaldum
43%
Milieu Arménie 2019-2022 Henrikh Mkhitaryan
43%
Défenseur France 2015-2016 Lucas Digne
43%
Défenseur Brésil 2013-2016 Maicon
43%
Milieu Brésil 2012-2015 Marquinho
43%
Gardien Serbie 2022- Mile Svilar
43%
Milieu Pologne 2020- Nicola Zalewski
43%
Milieu Belgique 2014-2018 Radja Nainggolan
43%
Gardien Suède 2018-2022 Robin Olsen
43%
Gardien Pologne 2015-2017 Wojciech Szczęsny
43%
Attaquant Ouzbékistan 2021- Eldor Shomurodov
36%
Défenseur Côte d'Ivoire 2023- Evan Ndicka
36%
Défenseur Brésil 2007-2012 Juan
36%
Milieu Pays-Bas 2013-2018 Kevin Strootman
36%
Défenseur France 2014-2015 Mapou Yanga-Mbiwa
36%
Milieu Italie 2018-2023 Nicolò Zaniolo
36%
Gardien Espagne 2019-2021 Pau López
36%
Attaquant Iran 2023- Sardar Azmoun
36%
Attaquant Côte d'Ivoire 2015-2018 Seydou Doumbia
36%
Défenseur Turquie 2022- Zeki Çelik
36%
Milieu Guinée 2019-2022 Amadou Diawara
29%
Défenseur Angleterre 2014-2016 Ashley Cole
29%
Défenseur Brésil 2016-2021 Bruno Peres
29%
Attaquant Turquie 2017-2021 Cengiz Ünder
29%
Milieu/attaquant Argentine 2011-2013 Erik Lamela
29%
Défenseur Italie 2012-2015 Federico Balzaretti
29%
Défenseur Argentine 2016-2022 Federico Fazio
29%
Attaquant France 2008-2011 Jérémy Ménez
29%
Attaquant Brésil 2023- João Costa
29%
Défenseur Norvège 2008-2011 John Arne Riise
29%
Défenseur Argentine 2017-2018 Jonathan Silva
29%
Défenseur Brésil 2016-2021 Juan Jesus
29%
Attaquant Pays-Bas 2018-2023 Justin Kluivert
29%
Défenseur Portugal 2016-2017 Mário Rui
29%
Milieu Etats-Unis 2012-2014 Michael Bradley
29%
Milieu Serbie 2022-2023 Nemanja Matić
29%
Attaquant Uruguay 2011-2013 Nicolás López
29%
Attaquant Espagne 2020-2021 Pedro
29%
Défenseur Danemark 2023- Rasmus Kristensen
29%
Milieu Portugal 2023-2024 Renato Sanches
29%
Défenseur Pays-Bas 2017- Rick Karsdorp
29%
Défenseur Brésil 2020-2023 Roger Ibañez
29%
Milieu Mali 2014-2016 Seydou Keita
29%
Défenseur Danemark 2011-2012 Simon Kjær
29%
Milieu France 2018-2021 Steven Nzonzi
29%
Milieu Serbie 2013-2016 Adem Ljajić
21%
Milieu/attaquant Angleterre 2021-2022 Ainsley Maitland-Niles
21%
Défenseur Serbie 2017-2020 Aleksandar Kolarov
21%
Défenseur Espagne 2024- Angeliño
21%
Gardien Italie 2018-2021 Antonio Mirante
21%
Attaquant Espagne 2020-2022 Borja Mayoral
21%
Milieu Espagne 2020-2023 Carles Pérez
21%
Défenseur Espagne 2023- Diego Llorente
21%
Milieu/attaquant Argentine 2016-2020 Diego Perotti
21%
Milieu Italie 2021- Edoardo Bove
21%
Défenseur Italie 2015-2018 Emerson
21%
Attaquant Ghana 2021-2022 Felix Afena-Gyan
21%
Milieu Espagne 2020-2023 Gonzalo Villar
21%
Attaquant France/Martinique 2017-2020 Grégoire Defrel
21%
Milieu Argentine 2018-2021 Javier Pastore
21%
Défenseur Grèce 2014-2015 José Holebas
21%
Attaquant Paraguay 2014-2017 Juan Iturbe
21%
Gardien Pologne 2013-2018 Łukasz Skorupski
21%
Défenseur Brésil 2012-2013 Marquinhos
21%
Attaquant Italie 2012-2015 Mattia Destro
21%
Milieu France 2017-2019 Maxime Gonalons
21%
Défenseur Maroc 2013-2014 Mehdi Benatia
21%
Gardien Italie 2013-2016 Morgan De Sanctis
21%
Milieu Italie 2022- Niccolò Pisilli
21%
Gardien Italie 2021- Pietro Boer
21%
Défenseur Italie 2013-2014 Rafael Tolói
21%
Défenseur Italie 2020-2022 Riccardo Calafiori
21%
Milieu Italie 2004-2013 Simone Perrotta
21%
Défenseur Grèce 2013-2016 Vasílis Torosídis
21%
Attaquant Colombie 2014-2015 Victor Ibarbo
21%
Défenseur Italie 2012-2015 Alessio Romagnoli
14%
Attaquant Paraguay 2014-2016 Antonio Sanabria
14%
Gardien Roumanie 2009-2018 Bogdan Lobonț
14%
Défenseur Etats-Unis 2021-2023 Bryan Reynolds
14%
Milieu France 2016-2017 Clément Grenier
14%
Milieu/attaquant Italie 2021-2023 Cristian Volpato
14%
Gardien Brésil 2019-2022 Daniel Fuzato
14%
Défenseur Italie 2018-2022 Davide Santon
14%
Défenseur Italie 2019-2020 Davide Zappacosta
14%
Milieu Chili 2006-2012 David Pizarro
14%
Défenseur Pays-Bas/Espagne 2024- Dean Huijsen
14%
Défenseur Brésil 2012-2014 Dodô
14%
Milieu Gambie 2020- Ebrima Darboe
14%
Défenseur Argentine 2011-2012 Gabriel Heinze
14%
Milieu Brésil 2016-2019 Gerson
14%
Défenseur Argentine 2010-2011 Guillermo Burdisso
14%
Milieu/attaquant Espagne 2015-2017 Iago Falque
14%
Défenseur Espagne 2018-2019 Iván Marcano
14%
Défenseur Brésil 2012-2018 Leandro Castán
14%
Gardien Pays-Bas 2011-2013 Maarten Stekelenburg
14%
Défenseur Albanie 2020- Marash Kumbulla
14%
Défenseur Uruguay 2021-2024 Matías Viña
14%
Gardien Uruguay 2012-2013 Mauro Goicoechea
14%
Attaquant Monténégro 2006-2011 Mirko Vučinić
14%
Défenseur Argentine 2009-2014 Nicolás Burdisso
14%
Attaquant Croatie 2019-2020 Nikola Kalinić
14%
Milieu/attaquant Norvège 2022- Ola Solbakken
14%
Attaquant Italie 2011-2013 Pablo Osvaldo
14%
Milieu Brésil 2005-2014 Rodrigo Taddei
14%
Milieu Portugal 2021-2022 Sérgio Oliveira
14%
Défenseur Belgique 2016-2017 Thomas Vermaelen
14%
Milieu Italie 2024- Tommaso Baldanzi
14%
Attaquant Nigéria 2015-2020 Umar Sadiq
14%
Milieu France 2015-2017 William Vainqueur
14%
Attaquant Brésil 2010-2011 Adriano
7%
Défenseur Italie 2004-2012 Aleandro Rosi
7%
Milieu Croatie 2018-2023 Ante Ćorić
7%
Bosnie 2021-2023 Benjamin Tahirović
7%
Attaquant Espagne 2011-2013 Bojan
7%
Attaquant Italie 2014-2019 Daniele Verde
7%
Défenseur Italie 2014-2015 Davide Astori
7%
Défenseur Grèce 2022- Dimitrios Keramitsis
7%
Gardien Brésil 2005-2011 Doni
7%
Défenseur Italie 2016-2019 Elio Capradossi
7%
Défenseur Bosnie 2016-2018 Ervin Zukanović
7%
Attaquant Italie 2011-2012 Fabio Borini
7%
Milieu Brésil 2010-2012 Fábio Simplício
7%
Milieu Argentine 2011-2012 Fernando Gago
7%
Défenseur Italie 2020-2022 Filippo Tripi
7%
Attaquant Italie 2011-20122013-2014 Gianluca Caprari
7%
Gardien Italie 2004-20082011-2015 Gianluca Curci
7%
Défenseur Paraguay 2012-2013 Iván Piris
7%
Gardien Brésil 2006-2013 Júlio Sérgio
7%
Attaquant Côte d'Ivoire 2012-2015 Junior Tallo
7%
Milieu Italie 2004-2012 Leandro Greco
7%
Milieu/attaquant Italie 2023- Luigi Cherubini
7%
Attaquant Italie 2010-2015 Marco Borriello
7%
Défenseur Turquie 2019-2021 Mert Çetin
7%
Défenseur/milieu Brésil 2013-2014 Michel Bastos
7%
Défenseur Argentine 2014-2015 Nicolás Spolli
7%
Défenseur Slovaquie 2015-2018 Norbert Gyömbér
7%
Milieu Grèce 2012-2013 Panagiótis Tachtsídis
7%
Défenseur Italie 2010-2011 Paolo Castellini
7%
Milieu Italie 2023- Riccardo Pagano
7%
Milieu Turquie 2014-2016 Salih Uçan
7%
Défenseur Italie 2008-2011 Simone Loria
7%
Milieu Italie 2019- Alessio Riccardi
0%
Défenseur Brésil 2007-2012 Cicinho
0%
Attaquant Italie 2015-2019 Edoardo Soleri
0%
Attaquant Italie 2013-2017 Federico Ricci
0%
Milieu Italie 2011-2015 Federico Viviani
0%
Défenseur Italie 2021-2023 Filippo Missori
0%
Milieu Italie 2023-2024 Francesco D'Alessio
0%
Milieu Italie 2022-2023 Giacomo Faticanti
0%
Attaquant Italie 2011-2012 Giammario Piscitella
0%
Défenseur Mexique 2017-2018 Héctor Moreno
0%
Attaquant Pologne 2022-2023 Jordan Majchrzak
0%
Défenseur Espagne 2011-2014 José Ángel Valdés
0%
Milieu Brésil 2008-2010 Júlio Baptista
0%
Milieu Italie 2015-2019 Lorenzo Di Livio
0%
Milieu Italie 2014-2016 Luca Mazzitelli
0%
Défenseur Italie 2006-2012 Marco Cassetti
0%
Attaquant Italie 2016-2018 Marco Tumminello
0%
Milieu Italie 2004-2013 Matteo Brighi
0%
Milieu Italie 2023- Mattia Mannini
0%
Défenseur Italie 2014-2015 Michele Somma
0%
Milieu/attaquant Italie 2018-2021 Mirko Antonucci
0%
Attaquant Côte d'Ivoire 2020-2021 Mory Bamba
0%
Défenseur Sénégal 2016-2017 Moustapha Seck
0%
Défenseur Italie 2016-2017 Riccardo Marchizza
0%
Attaquant Italie 2005-2012 Stefano Okaka
0%
Défenseur Croatie 2013-2015 Tin Jedvaj
0%
Milieu Italie 2020-2022 Tommaso Milanese
0%
Milieu Pays-Bas 2014-2015 Urby Emanuelson
0%
Attaquant Slovénie 2018-2021 Žan Celar
0%
Aucun quiz correspondant
Distribution des résultats
% des personnes avec chaque résultat
Percentile par nombre de réponses
Votre historique - résultats
Vous n’avez pas pris ce quiz